| 000 | 03671nam a22005535i 4500 | ||
|---|---|---|---|
| 001 | 978-3-319-56654-2 | ||
| 003 | DE-He213 | ||
| 005 | 20210118145439.0 | ||
| 007 | cr nn 008mamaa | ||
| 008 | 171004s2017 gw | s |||| 0|eng d | ||
| 020 |
_a9783319566542 _9978-3-319-56654-2 |
||
| 024 | 7 |
_a10.1007/978-3-319-56654-2 _2doi |
|
| 050 | 4 | _aRC346-429.2 | |
| 072 | 7 |
_aMJN _2bicssc |
|
| 072 | 7 |
_aMED056000 _2bisacsh |
|
| 072 | 7 |
_aMKJ _2thema |
|
| 082 | 0 | 4 |
_a616.8 _223 |
| 245 | 1 | 0 |
_aEmergencies in Neuromuscular Disease _h[electronic resource] / _cedited by Elio Agostoni. |
| 250 | _a1st ed. 2017. | ||
| 264 | 1 |
_aCham : _bSpringer International Publishing : _bImprint: Springer, _c2017. |
|
| 300 |
_aXV, 134 p. 5 illus., 3 illus. in color. _bonline resource. |
||
| 336 |
_atext _btxt _2rdacontent |
||
| 337 |
_acomputer _bc _2rdamedia |
||
| 338 |
_aonline resource _bcr _2rdacarrier |
||
| 347 |
_atext file _bPDF _2rda |
||
| 490 | 1 |
_aEmergency Management in Neurology, _x2367-1076 |
|
| 505 | 0 | _aPreface -- Glossary -- Part I. Neuromuscular Disease: Recent Progress in Diagnosis and Therapy -- Neuromuscular Disease: An Overview -- Tetanus -- Guillain-Barré Syndrome -- Porphyria -- Vasculitis -- Myasthenia Gravis -- Botulism -- Malignant Hyperthermia -- Rhabdomyolysis -- Periodic Paralysis.-Part II. Case Studies -- Case Study: Atypical GBS -- Part III. Differentiated Decisional Algorithms -- Differentiated Decisional Algorithms Based on the Technical and Organizational Characteristics of the Hospital Receiving the Clinical Case. | |
| 520 | _aThis book offers a practical tool for handling neuromuscular emergencies, and is divided by the main neuromuscular diseases on the basis of their anatomical and clinical location: diseases affecting the anterior horn of the spinal cord (tetanus), those that affect the nerve roots and nerves (SGB, multiple mononeuritis, porphyria), the neuromuscular junction (MG and botulism) and, lastly, muscle pathologies (rhabdomyolysis, malignant hyperthermia, periodic paralysis). It provides updated diagnostic/therapeutic protocols and decision-making algorithms for each pathology, and examines a range of scenarios on the basis of clinical cases. Emergencies in Neuromuscular Disease will be of interests for a wide variety of specialists including neurologist, neurophysiologists and anesthesiologists. | ||
| 650 | 0 | _aNeurology . | |
| 650 | 0 | _aAnesthesiology. | |
| 650 | 1 | 4 |
_aNeurology. _0http://scigraph.springernature.com/things/product-market-codes/H36001 |
| 650 | 2 | 4 |
_aAnesthesiology. _0http://scigraph.springernature.com/things/product-market-codes/H13001 |
| 700 | 1 |
_aAgostoni, Elio. _eeditor. _4edt _4http://id.loc.gov/vocabulary/relators/edt |
|
| 710 | 2 | _aSpringerLink (Online service) | |
| 773 | 0 | _tSpringer eBooks | |
| 776 | 0 | 8 |
_iPrinted edition: _z9783319566535 |
| 776 | 0 | 8 |
_iPrinted edition: _z9783319566559 |
| 830 | 0 |
_aEmergency Management in Neurology, _x2367-1076 |
|
| 856 | 4 | 0 | _uhttps://doi.org/10.1007/978-3-319-56654-2 |
| 912 | _aZDB-2-SME | ||
| 999 |
_c451934 _d451934 |
||
| 942 | _cEB | ||
| 506 | _aAvailable to subscribing member institutions only. Доступно лише організаціям членам підписки. | ||
| 506 | _fOnline access from local network of NaUOA. | ||
| 506 | _fOnline access with authorization at https://link.springer.com/ | ||
| 506 | _fОнлайн-доступ з локальної мережі НаУОА. | ||
| 506 | _fОнлайн доступ з авторизацією на https://link.springer.com/ | ||